Piłka nożna quiz #198 - Kariera klubowa - David Beckham - Statystyki

Ogólne statystyki
  • Ten quiz został rozwiązany 379 razy
  • Średni wynik to 4 z 6
Statystyki odpowiedzi
Lata gry Klub % Poprawnych
1993 - 2003 Manchester United
97%
2003 - 2007 Real Madryt
97%
2013 Paris Saint-Germain
77%
2007 - 2012 Los Angeles Galaxy
73%
2009 - 2010 AC Milan
68%
1995 Preston North End
13%
Nie znaleziono quizów pasujących do podanych kryteriów
Rozkład punktacji
Procent ludzi z każdym wynikiem
Percentyl według liczby udzielonych odpowiedzi
Twoja historia wyników
Nie rozwiązałeś tego quizu